000
00340nam a2200145Ia 4500
003
OSt
005
20240306103602.0
008
170523s9999 xx 000 0 und d
020
_a
978-9389921601
040
_c
iimtu meerut
100
_a
SINGHANIA- VK
245
0
_a
DIRECT TAXES READY RECKONER
260
_b
NEW DELHI TAXMAN
942
_2
ddc
_c
02
999
_c
984
_d
984